Нормален изглед
MARC изглед
- Пушкин, Александър Сергеевич
Вход 01. Лично име
001 - Контролен номер на записа
- Контролно поле: 364559
003 - Код на организацията, даваща контролен номер
- Контролно поле: BLK
005 - Дата и час на последна промяна на записа
- Контролно поле: 20230714140431.0
008 - Данни с фиксирана дължина – обща информация
- Данни с фиксирана дължина : 180422|| aca||aabn | a|a d
100 ## - ИМЕ НА ЛИЦЕ -ПЪРВИЧНА ИНТЕЛЕКТУАЛНА ОТГОВОРНОСТ
- Лично име: Пушкин, Александър Сергеевич
- Дати, свързани с автора: 1799-1837
942 ## - Системна служебна употреба
- Koha auth type: PERSO_NAME